|
|
|
|
| LEADER |
01020nam a2200253 i 4500 |
| 001 |
c000344951 |
| 003 |
CARM |
| 005 |
00000000000000.0 |
| 008 |
850509s1967 ne a b 00010 eng d |
| 019 |
1 |
|
|a 3777705
|5 LACONCORD2021
|
| 035 |
|
|
|a (OCoLC)1302921
|5 LACONCORD2021
|
| 100 |
1 |
|
|a Gregores, Emma,
|d 1927-.
|
| 245 |
1 |
2 |
|a A description of colloquial Guaraní /
|c by Emma Gregores and Jorge A. Suárez.
|
| 260 |
|
|
|a The Hague :
|b Mouton,
|c 1967.
|
| 300 |
|
|
|a 247p. :
|b ill. ;
|c 26cm.
|
| 490 |
0 |
|
|a Janua linguarum. Series practica ;
|v 27
|
| 500 |
|
|
|a "Modified version of the authors' joint doctoral thesis", Cornell University, 1961.
|
| 504 |
|
|
|a Bibliography: p. 22-24.
|
| 650 |
|
0 |
|a Guarani language.
|
| 700 |
1 |
|
|a Suárez, Jorge Alberto,
|d 1927-,
|e joint author.
|
| 852 |
8 |
|
|b CARM
|h A1:AN18C0
|i C09778
|p 0419739
|f BK
|
| 082 |
0 |
4 |
|a 498
|
| 999 |
f |
f |
|i b0a0c1b4-9ea5-5c50-b739-2ee30eb871f3
|s e6409e75-df03-5338-ac7b-e56935040f65
|
| 952 |
f |
f |
|p Can circulate
|a CAVAL
|b CAVAL
|c CAVAL
|d CARM 1 Store
|e C09778
|f A1:AN18C0
|h Other scheme
|i book
|m 0419739
|